000 01287nam0a22003131 4500
001 rc\3128475
005 20120615095311.7
021 _aRU
_b[75-22906]
035 _a(NLR Aleph) 007313977
090 _a5839542
_c5839542
100 _a20120615d1975 |||y0rusy50 ca
101 0 _arus
102 _aRU
105 _ay z |||||
200 1 _aПолитическая экономия
_eУчеб. пособие для сред. спец. учеб. заведений
_fПод ред. засл. деят. науки, проф. Ларионова К.А. и проф. Кашутина П.А.
205 _a4-е изд., перераб.
210 _aМосква
_cМысль
_d1975
215 _a446 с.
_d22
300 _aНа обороте тит. л. авт.: Ларионов, К.А., Кадачигов В.М., Кужелев Н.В. и др.
606 _aПолитическая экономия
_jУчебники и пособия
_2psbo
701 1 _aКадачигов
_bВ. М.
701 1 _aЛарионов
_bК. А.
_gКонстантин Александрович
_4340
701 1 _aКужелев
_bН. С.
702 1 _aКашутин
_bП. А.
_4340
801 0 _aRU
_bNLR
_gpsbo
801 1 _aRU
_bELAR
_2rusmarc
852 _aNLR
_j75-5/510
942 _cBOOK
980 _aNB